A policy plan to develop the Oklahoma Bicycle Program /

Bibliographic Details
Main Author: Stutzman, Stephen Dwayne, 1947-
Format: Thesis Book
Language:English
Published: [Place of publication not identified] : [publisher not identified] ; 1986.
Subjects:

MARC

Tag First Indicator Second Indicator Subfields
LEADER 00000cam a2200000 a 4500
001 in00000016414
005 20151007052752.0
008 880525s1986 xx b 00010 eng d
035 |a (OCoLC)18000479 
035 |9 AAA9102AM 
040 |a TXA  |c TXA  |d UtOrBLW 
043 |a n-us-tx 
049 |a TXAZ [Also in] [Archives]  |c 1 [A09356120], 2 [A09356138] 
099 |a 1986  |a Thesis  |a S937p 
100 1 |a Stutzman, Stephen Dwayne,  |d 1947- 
245 1 2 |a A policy plan to develop the Oklahoma Bicycle Program /  |c by Stephen Dwayne Stutzman. 
264 1 |a [Place of publication not identified] :  |b [publisher not identified] ;  |c 1986. 
300 |a v, 47 leaves ;  |c 28 cm. 
336 |a text  |b txt  |2 rdacontent 
337 |a unmediated  |b n  |2 rdamedia 
338 |a volume  |b nc  |2 rdacarrier 
500 |a Typescript (photocopy). 
502 |b M. Ag.  |c Texas A&M University  |d 1986. 
500 |a Vita. 
504 |a Bibliography: leaf 14. 
500 |a "Major subject: Recreational and Resource Development." 
650 0 |a Bicycles  |z Oklahoma. 
650 0 |a Bicycle trails  |z Oklahoma. 
650 4 |a Major recreation and resources development. 
999 |a MARS 
999 f f |s 42e442d7-828f-3c0b-bc9f-09722956a1b5  |i b4665972-a829-3993-bbe4-32f90af7e10d  |t 0 
952 f f |p noncirc  |a Texas A&M University  |b J.J. Pickle Campus  |c High Density Repository  |s HDR  |d Remote Storage  |t 0  |e 1986 Thesis S937p  |h Other scheme  |i unmediated -- volume  |m A14839613625 
998 f f |a 1986 Thesis S937p  |t 0  |l Remote Storage